[Event "Landesklasse Ost 2015/2016"]
[Site "?"]
[Date "2015.12.20"]
[Round "5"]
[White "Heine, Robert"]
[Black "Plontke, Ingo"]
[Result "1/2-1/2"]
[WhiteElo "1573"]
[BlackElo "1855"]
[PlyCount "68"]
[EventDate "2015.??.??"]
[WhiteTeam "Schachklub Weida"]
[BlackTeam "SSV Vimaria 91 Weimar"]

1. d4 f5 2. Nf3 g6 3. e3 Bg7 4. Nbd2 Nf6 5. Bd3 O-O 6. O-O d6 7. Re1 Nc6 8. c3
e5 9. e4 Kh8 10. Qc2 fxe4 11. Nxe4 Nxe4 12. Bxe4 d5 13. Bxg6 e4 14. Bxe4 dxe4
15. Qxe4 Bf5 16. Qe2 Qd7 17. Bf4 Bg4 18. Qe3 Bxf3 19. gxf3 Qf7 20. Bg3 Rae8 21.
Qd3 Rxe1+ 22. Rxe1 Nd8 23. a3 Ne6 24. Qe3 Nd8 25. Qe7 Bf6 26. Qxc7 Rg8 27. Kf1
Qh5 28. Qf4 Qg6 29. Re4 Rf8 30. Qd6 Qg7 31. Rf4 Be7 32. Rxf8+ Qxf8 33. Be5+ Kg8
34. Qd5+ Qf7 1/2-1/2

[Event "Landesklasse Ost 2015/2016"]
[Site "?"]
[Date "2015.12.20"]
[Round "5"]
[White "Vogel, Steffen"]
[Black "Urban, Bernd"]
[Result "1/2-1/2"]
[WhiteElo "1803"]
[BlackElo "1739"]
[PlyCount "59"]
[EventDate "2015.??.??"]
[WhiteTeam "SSV Vimaria 91 Weimar"]
[BlackTeam "Schachklub Weida"]

1. d4 d5 2. c4 e6 3. Nc3 Nf6 4. Bg5 Be7 5. e3 Nbd7 6. Nf3 O-O 7. Qc2 h6 8. Bh4
c6 9. Rc1 b6 10. cxd5 cxd5 11. Be2 a6 12. O-O Bb7 13. Nd2 Rc8 14. Qb1 b5 15. b4
Nb6 16. f3 Nc4 17. Nxc4 dxc4 18. Rfd1 Nd5 19. Bxe7 Qxe7 20. Nxd5 exd5 21. Rc3
Rfe8 22. Bf1 Rc6 23. a3 Re6 24. Re1 Qg5 25. Qc1 f5 26. g3 h5 27. f4 Qh6 28. h4
Qg6 29. Kf2 Qf6 30. Bg2 1/2-1/2

[Event "Landesklasse Ost 2015/2016"]
[Site "?"]
[Date "2015.12.20"]
[Round "5"]
[White "Heine, Mario"]
[Black "Mitter, Frank"]
[Result "0-1"]
[WhiteElo "1784"]
[BlackElo "1767"]
[PlyCount "120"]
[EventDate "2015.??.??"]
[WhiteTeam "Schachklub Weida"]
[BlackTeam "SSV Vimaria 91 Weimar"]

1. d4 d5 2. Nf3 Nf6 3. e3 e6 4. Bd3 c5 5. c3 Bd6 6. Nbd2 Nc6 7. O-O O-O 8. a4
a6 9. Re1 e5 10. dxe5 Nxe5 11. Nxe5 Bxe5 12. Nf1 Qc7 13. f3 Be6 14. Qe2 Rfe8
15. Qf2 Bd6 16. g4 g6 17. Ng3 Rad8 18. g5 Nd7 19. f4 f5 20. gxf6 Nxf6 21. Qg2
Re7 22. Bd2 Rde8 23. h4 Bg4 24. Be2 Bxe2 25. Rxe2 Kh8 26. Qf3 Ne4 27. Nxe4 Rxe4
28. Rg2 Qf7 29. Rf1 c4 30. Rg5 Bc5 31. Rf2 h6 32. Rg4 Bxe3 33. Bxe3 Rxe3 34.
Qg2 Re1+ 35. Kh2 Kh7 36. Rd2 h5 37. Rg3 Qxf4 38. Rf2 Qxh4+ 39. Rh3 Qxf2 40.
Qxf2 R1e2 41. Rf3 Rxf2+ 42. Rxf2 Re7 43. Rd2 Re5 44. Kg3 g5 45. Kf3 Kg6 46. Kg3
b5 47. axb5 axb5 48. Kf3 Kf6 49. Rh2 h4 50. Rh1 Kf5 51. Ra1 g4+ 52. Kf2 Kf4 53.
Rb1 g3+ 54. Kg2 Re2+ 55. Kf1 Kf3 56. b4 h3 57. Kg1 Rf2 58. Re1 g2 59. Kh2 Rf1
60. Rxf1+ gxf1=R 0-1

[Event "Landesklasse Ost 2015/2016"]
[Site "?"]
[Date "2015.12.20"]
[Round "5"]
[White "Reichardt, Albert"]
[Black "Lehmann, Volkhard"]
[Result "0-1"]
[WhiteElo "1675"]
[BlackElo "1668"]
[PlyCount "90"]
[EventDate "2015.??.??"]
[WhiteTeam "SSV Vimaria 91 Weimar"]
[BlackTeam "Schachklub Weida"]

1. e4 c5 2. b4 e5 3. bxc5 Bxc5 4. Nf3 Nc6 5. Bc4 Nf6 6. Nc3 O-O 7. O-O a6 8. a4
d6 9. h3 Bd7 10. Re1 Qc8 11. Nd5 Nxd5 12. Bxd5 Ne7 13. Bb3 h6 14. c3 Ng6 15. d4
Ba7 16. Qd3 Rd8 17. h4 Bg4 18. Nh2 Be6 19. d5 Bd7 20. g3 b5 21. h5 Ne7 22. a5
f5 23. Bd2 Rf8 24. Rf1 fxe4 25. Qxe4 Bf5 26. Qh4 Rf7 27. Be3 Bd3 28. Bxa7 Bxf1
29. Be3 Bd3 30. Rc1 Bc4 31. Bc2 Nxd5 32. Ng4 Nxe3 33. Nxe3 d5 34. Ng4 Qe6 35.
Bg6 Rff8 36. Re1 e4 37. Qh3 Qc8 38. Qh4 Qd8 39. Qh3 Qg5 40. f4 exf3 41. Nf2 Be2
42. Qd7 Qd2 43. Ng4 Qxe1+ 44. Kh2 Qf1 45. Nxh6+ Kh8 0-1

[Event "Landesklasse Ost 2015/2016"]
[Site "?"]
[Date "2015.12.20"]
[Round "5"]
[White "Koseck, Christian"]
[Black "Lieke, Arno"]
[Result "1/2-1/2"]
[WhiteElo "1625"]
[BlackElo "1641"]
[PlyCount "48"]
[EventDate "2015.??.??"]
[WhiteTeam "Schachklub Weida"]
[BlackTeam "SSV Vimaria 91 Weimar"]

1. e4 c6 2. d4 d5 3. Nc3 e6 4. Nf3 Bb4 5. Bd2 Ne7 6. Bd3 Nd7 7. a3 Ba5 8. O-O
O-O 9. Re1 Ng6 10. b4 Bb6 11. Bg5 f6 12. Bd2 Bc7 13. Ne2 dxe4 14. Bxe4 e5 15.
Bd3 exd4 16. Nexd4 Nde5 17. Be2 Nxf3+ 18. Nxf3 Ne5 19. Bc3 Nxf3+ 20. Bxf3 Bf5
21. Be4 Bxe4 22. Rxe4 Qxd1+ 23. Rxd1 Rad8 24. Rde1 Rd7 1/2-1/2

[Event "Landesklasse West 2015/2016"]
[Site "?"]
[Date "2015.12.20"]
[Round "5"]
[White "Essegern, Kurt"]
[Black "Geißhirt, Marco"]
[Result "1/2-1/2"]
[WhiteElo "1965"]
[BlackElo "1953"]
[PlyCount "35"]
[EventDate "2015.??.??"]
[WhiteTeam "Randspringer Bad Salzungen"]
[BlackTeam "SG Barchfeld/Breitungen"]

1. e4 g6 2. d4 Bg7 3. Nc3 c5 4. Nf3 Nc6 5. Be3 cxd4 6. Nxd4 d6 7. Qd2 Nf6 8. f3
O-O 9. O-O-O Nxd4 10. Bxd4 Qa5 11. Kb1 Be6 12. Nd5 Qd8 13. Nxf6+ Bxf6 14. Bxf6
exf6 15. h4 Qe7 16. Be2 Rfd8 17. Qb4 Qc7 18. h5 1/2-1/2

[Event "Landesklasse West 2015/2016"]
[Site "?"]
[Date "2015.12.20"]
[Round "5"]
[White "Rommel, Uwe"]
[Black "Hübschmann, Holger"]
[Result "1-0"]
[WhiteElo "1869"]
[BlackElo "1903"]
[PlyCount "67"]
[EventDate "2015.??.??"]
[WhiteTeam "SG Barchfeld/Breitungen"]
[BlackTeam "Randspringer Bad Salzungen"]

1. e4 g6 2. d4 d6 3. Nc3 Bg7 4. Be3 Nf6 5. Qd2 Ng4 6. Bg5 c6 7. f3 Nf6 8. Bh6
O-O 9. g4 e5 10. Bxg7 Kxg7 11. Nge2 Nbd7 12. O-O-O Qe7 13. Ng3 b5 14. Qg5 Kh8
15. h4 Ng8 16. d5 f6 17. Qe3 b4 18. Nb1 c5 19. Nd2 Nb6 20. Nc4 Nxc4 21. Bxc4
Bd7 22. Rh2 Rf7 23. Rdh1 Raf8 24. Qe2 Qd8 25. Bd3 Bc8 26. Kb1 Ne7 27. Rf1 Bd7
28. f4 Qc8 29. f5 Rg7 30. g5 gxf5 31. exf5 Nxd5 32. Nh5 Nf4 33. Rxf4 exf4 34.
Nxg7 1-0

[Event "Landesklasse West 2015/2016"]
[Site "?"]
[Date "2015.12.20"]
[Round "5"]
[White "Essegern, Uwe"]
[Black "Reum, Lutz"]
[Result "1-0"]
[WhiteElo "1850"]
[BlackElo "1796"]
[PlyCount "43"]
[EventDate "2015.??.??"]
[WhiteTeam "Randspringer Bad Salzungen"]
[BlackTeam "SG Barchfeld/Breitungen"]

1. e4 d5 2. exd5 Qxd5 3. Nc3 Qa5 4. d4 c6 5. Nf3 Nf6 6. Bc4 Bf5 7. Ne5 e6 8. g4
Bg6 9. h4 h6 10. Nxg6 fxg6 11. Qd3 Nd5 12. Qxg6+ Kd7 13. Bd2 Qd8 14. O-O-O Qf6
15. Qxf6 gxf6 16. f4 b5 17. Nxd5 exd5 18. Bd3 Bd6 19. g5 hxg5 20. hxg5 Rxh1 21.
Rxh1 fxg5 22. fxg5 1-0

[Event "Landesklasse West 2015/2016"]
[Site "?"]
[Date "2015.12.20"]
[Round "5"]
[White "Crivellaro, Heiko"]
[Black "Schulz, Tilo"]
[Result "0-1"]
[WhiteElo "1798"]
[BlackElo "1870"]
[PlyCount "90"]
[EventDate "2015.??.??"]
[WhiteTeam "SG Barchfeld/Breitungen"]
[BlackTeam "Randspringer Bad Salzungen"]

1. f4 g6 2. Nf3 Bg7 3. e4 d6 4. d3 Nf6 5. Be2 O-O 6. O-O c5 7. c3 Nc6 8. Qe1
Rb8 9. Nbd2 b5 10. Bd1 a6 11. a3 Bb7 12. Ng5 h6 13. Nh3 Bc8 14. Qg3 Kh7 15. Kh1
Bxh3 16. Qxh3 Qd7 17. Qh4 Kg8 18. Qg3 e6 19. Re1 Rbd8 20. Nf1 a5 21. Bc2 a4 22.
e5 Nd5 23. c4 Nde7 24. b3 Nf5 25. Qf2 h5 26. Bd1 Na5 27. Bd2 Qc7 28. Re4 bxc4
29. bxc4 Rb8 30. Ra2 Nb3 31. Re1 Nxd2 32. Qxd2 Rb1 33. Bc2 Rxe1 34. Qxe1 Rb8
35. h3 h4 36. Kh2 Bh6 37. Qf2 Qa5 38. Bd1 Qc3 39. Be2 Qc1 40. Rd2 Rb1 41. Bd1
Qxa3 42. g4 hxg3+ 43. Nxg3 Ne3 44. Bg4 Qc1 45. Ra2 Bxf4 0-1

[Event "Landesklasse West 2015/2016"]
[Site "?"]
[Date "2015.12.20"]
[Round "5"]
[White "Feldmann, Bernd"]
[Black "Schmidt, Kevin"]
[Result "1-0"]
[WhiteElo "1869"]
[BlackElo "1584"]
[PlyCount "65"]
[EventDate "2015.??.??"]
[WhiteTeam "Randspringer Bad Salzungen"]
[BlackTeam "SG Barchfeld/Breitungen"]

1. d4 d5 2. Nf3 Nf6 3. Bg5 Bg4 4. Ne5 Ne4 5. Bf4 Bf5 6. c3 Nd7 7. Qb3 Nb6 8. f3
Nd6 9. Nd2 f6 10. Nd3 Bxd3 11. exd3 e6 12. O-O-O Qd7 13. Be2 O-O-O 14. g4 g5
15. Bg3 Nf7 16. h4 Bd6 17. Bf2 Bf4 18. Kb1 Kb8 19. Qc2 Nc8 20. Nb3 b6 21. hxg5
fxg5 22. Rh5 Rde8 23. Rdh1 h6 24. R5h3 Qe7 25. c4 Qf6 26. Re1 Ne7 27. Bd1 Ng6
28. a4 e5 29. Rhh1 dxc4 30. dxc4 exd4 31. Nxd4 Rd8 32. Re6 Qg7 33. Rxg6 1-0

[Event "Landesklasse West 2015/2016"]
[Site "?"]
[Date "2015.12.20"]
[Round "5"]
[White "Reum, Jonathan"]
[Black "Roth, Ralf"]
[Result "1/2-1/2"]
[WhiteElo "1654"]
[BlackElo "1772"]
[PlyCount "35"]
[EventDate "2015.??.??"]
[WhiteTeam "SG Barchfeld/Breitungen"]
[BlackTeam "Randspringer Bad Salzungen"]

1. d4 Nf6 2. c4 g6 3. Nc3 Bg7 4. e4 d6 5. h3 O-O 6. Nf3 Nc6 7. Be3 e5 8. dxe5
dxe5 9. Be2 h6 10. Qd2 Qxd2+ 11. Bxd2 Rd8 12. O-O-O Be6 13. Be3 a6 14. g4 Ne8
15. Nd5 f6 16. Nd2 Rd7 17. Nb3 b6 18. f4 1/2-1/2

[Event "Landesklasse West 2015/2016"]
[Site "?"]
[Date "2015.12.20"]
[Round "5"]
[White "Wiefel, Erik"]
[Black "Abe, Rico"]
[Result "1/2-1/2"]
[WhiteElo "1648"]
[BlackElo "1651"]
[PlyCount "38"]
[EventDate "2015.??.??"]
[WhiteTeam "Randspringer Bad Salzungen"]
[BlackTeam "SG Barchfeld/Breitungen"]

1. e4 d6 2. d4 Nf6 3. Bd3 g6 4. c4 Bg7 5. f3 O-O 6. Be3 c6 7. Nc3 b6 8. Nge2 c5
9. d5 Nbd7 10. f4 Ng4 11. Bd2 e6 12. g3 exd5 13. cxd5 a6 14. h3 Ngf6 15. a4 Bb7
16. Be3 Re8 17. Qd2 Qc7 18. Rc1 Rac8 19. b3 Re7 1/2-1/2

[Event "Landesklasse West 2015/2016"]
[Site "?"]
[Date "2015.12.20"]
[Round "5"]
[White "Heß, Wolfgang"]
[Black "Mäurer, Michael"]
[Result "1/2-1/2"]
[WhiteElo "1717"]
[BlackElo "1525"]
[PlyCount "32"]
[EventDate "2015.??.??"]
[WhiteTeam "SG Barchfeld/Breitungen"]
[BlackTeam "Randspringer Bad Salzungen"]

1. e4 d5 2. exd5 Qxd5 3. Nc3 Qd6 4. d4 Nf6 5. Be2 c6 6. Nf3 Bg4 7. O-O Nbd7 8.
Re1 Bxf3 9. Bxf3 e6 10. a3 Qc7 11. Be3 Bd6 12. h3 Bf4 13. Qd2 Bxe3 14. Qxe3 O-O
15. Be2 Nb6 16. b3 Nbd5 1/2-1/2

[Event "Landesklasse West 2015/2016"]
[Site "?"]
[Date "2015.12.20"]
[Round "5"]
[White "Kuntze, Andreas"]
[Black "Thon, Philipp"]
[Result "1-0"]
[WhiteElo "2006"]
[BlackElo "1890"]
[PlyCount "143"]
[EventDate "2015.??.??"]
[WhiteTeam "Schachclub Rochade Leinefelde"]
[BlackTeam "SV Ammern"]

1. e4 e5 2. Bc4 Nf6 3. d3 Be7 4. Nf3 d6 5. c3 Bg4 6. Qb3 O-O 7. Qxb7 Nbd7 8.
Qb3 Nb6 9. Nbd2 c6 10. h3 Bh5 11. Qd1 a5 12. Bb3 Qc7 13. O-O Rad8 14. Re1 d5
15. Qe2 Nfd7 16. Nf1 Bf6 17. Ng3 Bg6 18. Bg5 Qd6 19. Rad1 Rfe8 20. Bxf6 Qxf6
21. Qe3 h6 22. Nd2 Re6 23. Rf1 a4 24. Bc2 Qe7 25. Nf5 Qf8 26. g4 Rde8 27. b4
Rc8 28. d4 exd4 29. Nxd4 Ree8 30. f4 c5 31. bxc5 Qxc5 32. f5 Bh7 33. Rf3 Ne5
34. Rg3 Nec4 35. Nxc4 Nxc4 36. Qf4 dxe4 37. Bxe4 Nd6 38. Bg2 Nb5 39. Kh2 Nxc3
40. Rc1 Qb4 41. a3 Qb2 42. Rc2 Ne2 43. Rxc8 Rxc8 44. Nxe2 Qxe2 45. Qxa4 h5 46.
Qe4 Qb5 47. Re3 Kh8 48. a4 Qa5 49. Kg3 f6 50. Qb7 Qc5 51. Qe7 Qd4 52. a5 h4+
53. Kxh4 Bxf5 54. a6 Qf4 55. Re2 Bd3 56. Qe3 g5+ 57. Kh5 Qc7 58. Be4 Qf7+ 59.
Kh6 Qf8+ 60. Kh5 Kg7 61. Qxd3 Qh8+ 62. Bh7 Qxh7+ 63. Qxh7+ Kxh7 64. Re7+ Kg8
65. Kg6 Kf8 66. Kxf6 Rc6+ 67. Re6 Rc8 68. Kxg5 Kf7 69. Kf5 Rc5+ 70. Re5 Rc8 71.
Ra5 Ra8 72. a7 1-0

[Event "Landesklasse West 2015/2016"]
[Site "?"]
[Date "2015.12.20"]
[Round "5"]
[White "Schorch, Rüdiger"]
[Black "Kachel, Alfred"]
[Result "0-1"]
[WhiteElo "1969"]
[BlackElo "1953"]
[PlyCount "54"]
[EventDate "2015.??.??"]
[WhiteTeam "SV Ammern"]
[BlackTeam "Schachclub Rochade Leinefelde"]

1. c4 c5 2. Nf3 Nc6 3. d4 cxd4 4. Nxd4 Nf6 5. Nc3 g6 6. g3 Bg7 7. Bg2 O-O 8.
O-O Nxd4 9. Qxd4 d6 10. Qd3 Rb8 11. Be3 b6 12. Nb5 Qd7 13. Rac1 Bb7 14. f3 Ba8
15. Rfd1 a6 16. Nc3 b5 17. c5 b4 18. Nb1 Qe6 19. b3 Nd5 20. Bd2 dxc5 21. Rxc5
Qb6 22. Be3 Nxe3 23. Qxe3 Rbd8 24. Rxd8 Rxd8 25. Re5 Qxe3+ 26. Rxe3 Rd1+ 27.
Kf2 Bd4 0-1

[Event "Landesklasse West 2015/2016"]
[Site "?"]
[Date "2015.12.20"]
[Round "5"]
[White "Frank, Thomas"]
[Black "Wegerich, Michael"]
[Result "0-1"]
[WhiteElo "1883"]
[BlackElo "1950"]
[PlyCount "102"]
[EventDate "2015.??.??"]
[WhiteTeam "Schachclub Rochade Leinefelde"]
[BlackTeam "SV Ammern"]

1. d4 Nf6 2. c4 e6 3. Nc3 Bb4 4. f3 Bxc3+ 5. bxc3 d6 6. e4 Nbd7 7. Bd3 b6 8.
Ne2 O-O 9. O-O c5 10. Be3 Qc7 11. Rc1 Bb7 12. g4 e5 13. d5 Ne8 14. Ng3 g6 15.
Kg2 Ng7 16. Bh6 a6 17. Qe2 Rfc8 18. h4 b5 19. Rb1 Nb6 20. Rb2 Na4 21. Rb3 Qa5
22. Bd2 Nb6 23. Rfb1 Rc7 24. Bc1 Na4 25. Bd2 Nb6 26. Bc1 Na4 27. Qc2 Bc8 28.
Be2 Bd7 29. cxb5 c4 30. Rb4 axb5 31. Be3 Rcc8 32. h5 f6 33. hxg6 hxg6 34. f4
Nc5 35. R1b2 Na6 36. g5 fxg5 37. fxe5 dxe5 38. Bxg5 Nxb4 39. cxb4 Qa3 40. Bf6
Re8 41. Qc1 Ra6 42. Bg5 Rf8 43. Be7 Rf7 44. Bc5 Raf6 45. Qa1 Nh5 46. Bxh5 gxh5
47. Rc2 Rg6 48. Qxe5 h4 49. Qb8+ Kh7 50. Bf2 Qf3+ 51. Kg1 hxg3 0-1

[Event "Landesklasse West 2015/2016"]
[Site "?"]
[Date "2015.12.20"]
[Round "5"]
[White "Kampfhenkel, Ulrich"]
[Black "Pfitzenreuter, Gerald"]
[Result "1/2-1/2"]
[WhiteElo "1862"]
[BlackElo "1865"]
[PlyCount "41"]
[EventDate "2015.??.??"]
[WhiteTeam "SV Ammern"]
[BlackTeam "Schachclub Rochade Leinefelde"]

1. e4 c5 2. Nf3 Nc6 3. d4 cxd4 4. Nxd4 g6 5. Nc3 Bg7 6. Be3 Nf6 7. Bc4 O-O 8.
f3 Qb6 9. Bb3 Ng4 10. Nd5 Nxe3 11. Nxb6 Bxd4 12. Nxa8 Nxd1 13. Rxd1 Be5 14. O-O
b6 15. f4 Bd4+ 16. Rxd4 Nxd4 17. Nc7 Bb7 18. Nd5 Bxd5 19. exd5 Nxb3 20. axb3
Rc8 21. c4 1/2-1/2

[Event "Landesklasse West 2015/2016"]
[Site "?"]
[Date "2015.12.20"]
[Round "5"]
[White "Löffelholz, Christian"]
[Black "Kurze, Christoph"]
[Result "0-1"]
[WhiteElo "1642"]
[BlackElo "1853"]
[PlyCount "80"]
[EventDate "2015.??.??"]
[WhiteTeam "Schachclub Rochade Leinefelde"]
[BlackTeam "SV Ammern"]

1. e4 e6 2. d4 d5 3. exd5 exd5 4. Nf3 Bd6 5. h3 f6 6. Bd3 Ne7 7. Be3 Nbc6 8.
Nc3 Nb4 9. Bb5+ c6 10. Ba4 a5 11. a3 Na6 12. Qe2 O-O 13. g4 Ng6 14. O-O-O b5
15. Bb3 a4 16. Ba2 Nc7 17. g5 b4 18. Nb1 bxa3 19. Nxa3 Ba6 20. Qd2 Nb5 21. Nxb5
Bxb5 22. h4 fxg5 23. Nxg5 Nf4 24. c4 dxc4 25. Qc2 g6 26. Bxc4+ Bxc4 27. Qxc4+
Nd5 28. h5 Rf5 29. Rdg1 a3 30. bxa3 Bxa3+ 31. Kd1 Rb8 32. Qxc6 Nxe3+ 33. fxe3
Rxg5 34. Qe6+ Kh8 35. Rxg5 Qxg5 36. Ke2 Qb5+ 37. Kf3 Rf8+ 38. Kg3 Qg5+ 39. Qg4
Qxe3+ 40. Kh4 Be7+ 0-1

[Event "Landesklasse West 2015/2016"]
[Site "?"]
[Date "2015.12.20"]
[Round "5"]
[White "Meysing, Gerhard"]
[Black "Salaske, Peter"]
[Result "0-1"]
[WhiteElo "1487"]
[BlackElo "1832"]
[PlyCount "76"]
[EventDate "2015.??.??"]
[WhiteTeam "Schachclub Rochade Leinefelde"]
[BlackTeam "SV Ammern"]

1. e4 d5 2. exd5 Qxd5 3. Nc3 Qd6 4. Nf3 Nf6 5. h3 a6 6. Bd3 Nbd7 7. O-O e6 8.
Re1 Be7 9. Ne4 Nxe4 10. Bxe4 Nf6 11. c3 Nxe4 12. Rxe4 b5 13. d4 Bb7 14. Bf4 Qb6
15. Re1 Qc6 16. d5 Qxd5 17. Bxc7 Qc6 18. Be5 Rd8 19. Qe2 O-O 20. Red1 f6 21.
Bg3 e5 22. Rxd8 Rxd8 23. Rd1 Rd5 24. Rxd5 Qxd5 25. b3 Bc5 26. Qd2 Kf7 27. Qxd5+
Bxd5 28. Ne1 Be4 29. b4 Bb6 30. Kf1 Ke6 31. Ke2 Kd5 32. f3 Bb1 33. a3 Kc4 34.
Kd2 Kb3 35. Kc1 Bf5 36. Kd2 Kxa3 37. Nc2+ Kb3 38. Na1+ Kb2 0-1

[Event "Landesklasse West 2015/2016"]
[Site "?"]
[Date "2015.12.20"]
[Round "5"]
[White "Klein, Matthias"]
[Black "Stöber, Guido"]
[Result "1-0"]
[WhiteElo "1731"]
[BlackElo "1318"]
[PlyCount "45"]
[EventDate "2015.??.??"]
[WhiteTeam "SV Ammern"]
[BlackTeam "Schachclub Rochade Leinefelde"]

1. Nf3 Nc6 2. e4 e5 3. Be2 Nf6 4. d3 d5 5. Nbd2 Be7 6. O-O O-O 7. c3 dxe4 8.
dxe4 Bc5 9. b4 Bd6 10. Qc2 a6 11. a4 Qe7 12. Nc4 Bg4 13. Ba3 Rfd8 14. Ne3 Bd7
15. Nd2 Qf8 16. Ndc4 Na7 17. Rfd1 Bc6 18. Bf3 Qe8 19. Nf5 Bxa4 20. Qd2 Bxd1 21.
Ncxd6 Bxf3 22. Qg5 Qf8 23. Nh6+ 1-0

[Event "Landesklasse West 2015/2016"]
[Site "?"]
[Date "2015.12.20"]
[Round "5"]
[White "Messerschmidt, Daniel"]
[Black "Petiko, Nikolai"]
[Result "1/2-1/2"]
[WhiteElo "1863"]
[BlackElo "1961"]
[PlyCount "111"]
[EventDate "2015.??.??"]
[WhiteTeam "SG Trusetal 92"]
[BlackTeam "SV Breitenworbis"]

1. c4 f5 2. Nc3 Nf6 3. g3 g6 4. Bg2 Bg7 5. Nf3 O-O 6. O-O d6 7. d4 e6 8. Qc2
Nc6 9. Bg5 h6 10. Bxf6 Qxf6 11. e3 g5 12. Rab1 f4 13. gxf4 gxf4 14. Qe4 e5 15.
dxe5 dxe5 16. Rbd1 Bf5 17. Qd5+ Be6 18. Qe4 Qf7 19. Nh4 Qh5 20. Qg6 Qxg6 21.
Nxg6 Rf6 22. Nh4 Bxc4 23. Bd5+ Bxd5 24. Nxd5 Rf7 25. e4 Nd4 26. Rd3 c6 27. Nc3
b5 28. Rfd1 a5 29. Kf1 a4 30. Ne2 c5 31. Nc3 c4 32. R3d2 a3 33. Nf5 b4 34. Nd5
axb2 35. Rxb2 c3 36. Rxb4 c2 37. Rc1 Rxa2 38. Rc4 Nb3 39. R1xc2 Nd2+ 40. Ke2
Rxc2 41. Rxc2 Nxe4 42. Rc6 Kh7 43. Nfe7 h5 44. f3 Nf6 45. Nxf6+ Bxf6 46. Nd5
Bg7 47. Rc7 Rxc7 48. Nxc7 Kg6 49. Ne6 Bf6 50. Nc5 Kf5 51. Kf2 Bd8 52. Kg2 Ba5
53. Ne4 Be1 54. Nc5 Bb4 55. Ne4 Be1 56. Nc5 1/2-1/2

[Event "Landesklasse West 2015/2016"]
[Site "?"]
[Date "2015.12.20"]
[Round "5"]
[White "Gast, Rainer"]
[Black "Messerschmidt, Nick"]
[Result "0-1"]
[WhiteElo "1839"]
[BlackElo "1935"]
[PlyCount "60"]
[EventDate "2015.??.??"]
[WhiteTeam "SV Breitenworbis"]
[BlackTeam "SG Trusetal 92"]

1. d4 Nf6 2. c4 g6 3. Nc3 Bg7 4. e4 d6 5. Be2 O-O 6. Nf3 Nc6 7. Bg5 h6 8. Bh4
a5 9. d5 Nb4 10. Nd2 c6 11. O-O Na6 12. Rc1 Nc5 13. b3 Qb6 14. a3 g5 15. Bg3
Nfd7 16. Kh1 Ne5 17. Qc2 f5 18. f3 Qd8 19. b4 axb4 20. axb4 Na6 21. Qb3 c5 22.
b5 Nb4 23. Ra1 Bd7 24. Ra4 Rxa4 25. Nxa4 Qa5 26. Nb2 f4 27. Bf2 Ra8 28. Nd3
Nbxd3 29. Bxd3 Qxd2 30. Be1 Qxd3 0-1

[Event "Landesklasse West 2015/2016"]
[Site "?"]
[Date "2015.12.20"]
[Round "5"]
[White "Ribitzki, Mathias"]
[Black "Bötticher, Heinz-Wilfried"]
[Result "1/2-1/2"]
[WhiteElo "1761"]
[BlackElo "1819"]
[PlyCount "20"]
[EventDate "2015.??.??"]
[WhiteTeam "SG Trusetal 92"]
[BlackTeam "SV Breitenworbis"]

1. Nf3 c5 2. e3 d5 3. d4 e6 4. Nbd2 Nc6 5. Be2 Nf6 6. O-O Be7 7. dxc5 Bxc5 8.
Nb3 Bd6 9. c4 dxc4 10. Bxc4 O-O 1/2-1/2

[Event "Landesklasse West 2015/2016"]
[Site "?"]
[Date "2015.12.20"]
[Round "5"]
[White "Petiko, Jakob"]
[Black "Willner, Holger"]
[Result "1-0"]
[WhiteElo "1920"]
[BlackElo "1779"]
[PlyCount "73"]
[EventDate "2015.??.??"]
[WhiteTeam "SV Breitenworbis"]
[BlackTeam "SG Trusetal 92"]

1. c4 e5 2. e4 d6 3. Nc3 f5 4. d3 Nf6 5. g3 Be7 6. Bg2 c6 7. Nge2 O-O 8. O-O
Be6 9. h3 fxe4 10. Nxe4 Nxe4 11. dxe4 Bxc4 12. b3 Be6 13. Bb2 Nd7 14. f4 Qc7
15. g4 Rad8 16. g5 g6 17. Qc2 exf4 18. Nxf4 Rxf4 19. Rxf4 Bxg5 20. Rff1 Ne5 21.
Rad1 Qe7 22. Bc1 Bf6 23. Qf2 Bg7 24. Qxa7 c5 25. Qa5 Nc6 26. Qd2 h6 27. Bb2 Nd4
28. Qe3 Ra8 29. Bxd4 Bxd4 30. Rxd4 cxd4 31. Qxd4 Rxa2 32. e5 Qg5 33. Qe4 Qxe5
34. Qxg6+ Qg7 35. Qxe6+ Kh7 36. Rf7 Rxg2+ 37. Kf1 1-0

[Event "Landesklasse West 2015/2016"]
[Site "?"]
[Date "2015.12.20"]
[Round "5"]
[White "Schley, Thomas"]
[Black "Vergin, Marcel"]
[Result "0-1"]
[WhiteElo "1736"]
[BlackElo "1811"]
[PlyCount "82"]
[EventDate "2015.??.??"]
[WhiteTeam "SG Trusetal 92"]
[BlackTeam "SV Breitenworbis"]

1. d4 Nf6 2. Nf3 d6 3. g3 Nbd7 4. Bg2 e5 5. dxe5 dxe5 6. O-O Be7 7. Nc3 c6 8.
b3 O-O 9. Bb2 Qc7 10. e4 Rd8 11. Qe2 b5 12. Rfd1 Bb7 13. Rd2 b4 14. Na4 c5 15.
Nh4 c4 16. Qxc4 Qxc4 17. bxc4 Bc6 18. Nf5 Bf8 19. Nc3 bxc3 20. Bxc3 Bxe4 21.
Ne3 Bxg2 22. Kxg2 Ne4 23. Rd3 Nxc3 24. Rxc3 Nc5 25. Nd5 Rac8 26. Re3 Ne6 27.
Rxe5 Rxc4 28. Ne3 Rc7 29. c4 Bb4 30. Rb5 Bd2 31. Rd1 Bxe3 32. Rxd8+ Nxd8 33.
fxe3 Rxc4 34. Rb8 Rc2+ 35. Kf3 Rd2 36. e4 Kf8 37. Ke3 Rd7 38. a4 Ke7 39. a5 Rb7
40. Rc8 Kd7 41. Rc5 a6 0-1

[Event "Landesklasse West 2015/2016"]
[Site "?"]
[Date "2015.12.20"]
[Round "5"]
[White "Biel, Peter"]
[Black "Hepp, Ingolf"]
[Result "1-0"]
[WhiteElo "1666"]
[BlackElo "1448"]
[PlyCount "107"]
[EventDate "2015.??.??"]
[WhiteTeam "SV Breitenworbis"]
[BlackTeam "SG Trusetal 92"]

1. e4 e5 2. Nf3 Nc6 3. d4 exd4 4. Nxd4 Bc5 5. Be3 Qf6 6. c3 Bb6 7. Na3 a6 8.
Nc4 Bxd4 9. Bxd4 Nxd4 10. cxd4 d6 11. Rc1 Bd7 12. Be2 Nh6 13. O-O O-O 14. Bf3
Qd8 15. Na5 Rb8 16. Re1 b6 17. Nc6 Bxc6 18. Rxc6 Re8 19. b4 Re7 20. Re3 f5 21.
Qb3+ Kf8 22. h3 g6 23. Qd5 Qd7 24. Rec3 Nf7 25. Rxc7 Qxc7 26. Rxc7 Rxc7 27.
exf5 gxf5 28. Bh5 Kg7 29. Qxf5 Re8 30. Qd5 Rd7 31. Bxf7 Rxf7 32. Qxd6 Rf6 33.
Qd7+ Kf8 34. Qxh7 Re1+ 35. Kh2 Re2 36. Qh8+ Ke7 37. Qg7+ Rf7 38. Qg5+ Rf6 39.
f3 Kf7 40. h4 Rg6 41. Qd5+ Kg7 42. f4 Rh6 43. Qd7+ Kf8 44. Qf5+ Kg7 45. h5 Rf6
46. Qg5+ Kf7 47. Kh3 Rf2 48. g3 Rf1 49. Kg4 Rd1 50. Qd5+ Ke7 51. Qb7+ Ke8 52.
Kg5 Rd6 53. h6 R1xd4 54. h7 1-0

[Event "Landesklasse West 2015/2016"]
[Site "?"]
[Date "2015.12.20"]
[Round "5"]
[White "Voigt, Uwe"]
[Black "Leibeling, Lucian"]
[Result "1/2-1/2"]
[WhiteElo "1538"]
[BlackElo "1830"]
[PlyCount "40"]
[EventDate "2015.??.??"]
[WhiteTeam "SG Trusetal 92"]
[BlackTeam "SV Breitenworbis"]

1. b4 e6 2. Bb2 Nf6 3. b5 d5 4. e3 Be7 5. Nf3 Nbd7 6. Be2 c5 7. bxc6 bxc6 8.
O-O O-O 9. c4 Qb6 10. Bc3 Ne4 11. Qc2 Nxc3 12. Nxc3 Ba6 13. cxd5 Bxe2 14. Nxe2
cxd5 15. d4 Rfc8 16. Qd2 Rab8 17. Rfc1 h6 18. Rxc8+ Rxc8 19. Ng3 Bd6 20. Rc1
Rxc1+ 1/2-1/2

[Event "Landesklasse West 2015/2016"]
[Site "?"]
[Date "2015.12.20"]
[Round "5"]
[White "Gast, Benedikt"]
[Black "Kasper, Enrico"]
[Result "1/2-1/2"]
[WhiteElo "1619"]
[BlackElo "1132"]
[PlyCount "56"]
[EventDate "2015.??.??"]
[WhiteTeam "SV Breitenworbis"]
[BlackTeam "SG Trusetal 92"]

1. d4 d5 2. Bf4 Bf5 3. e3 e6 4. Bd3 Bxd3 5. Qxd3 a6 6. Nf3 Bd6 7. Bxd6 Qxd6 8.
Nbd2 Nf6 9. O-O Nbd7 10. e4 dxe4 11. Nxe4 Nxe4 12. Qxe4 O-O-O 13. Rfd1 Nf6 14.
Qe5 Qxe5 15. Nxe5 Rhf8 16. Rd3 Nd5 17. c3 f6 18. Nc4 Rfe8 19. Re1 Re7 20. Rh3
g6 21. Rf3 Rde8 22. Ne3 f5 23. Nc4 Nf6 24. Rfe3 Nd7 25. f4 b5 26. Na5 Nf8 27.
d5 Kd7 28. Nc6 Rg7 1/2-1/2